000
00330 a2200157 4500
001
177192
020
_a
040
_c
Magnum
100
_a
Murgel Branco, Samuel
240
1
0
_a
O desafio amazonico
_l
por
245
1
0
_a
O desafio amazonico
362
0
_a
1899
440
1
_a
Moderna
697
_a
MAGNITO: ECOLOGIA
942
_c
BK
999
_c
177192
_d
177192